Atlas des Nordlichen gestirten Himmels tur den anfang der jalires 1855 (Record no. 469)

MARC details
000 -LEADER
fixed length control field 00492nam a2200157Ia 4500
003 - CONTROL NUMBER IDENTIFIER
control field IN-BaIIA
005 - DATE AND TIME OF LATEST TRANSACTION
control field 20250707092105.0
008 - FIXED-LENGTH DATA ELEMENTS--GENERAL INFORMATION
fixed length control field 211028s9999 xx 000 0 eng d
040 ## - CATALOGING SOURCE
Transcribing agency IIA Library
080 ## - UNIVERSAL DECIMAL CLASSIFICATION NUMBER
Universal Decimal Classification number (084.3)52
Item number ARG
100 ## - MAIN ENTRY--PERSONAL NAME
Personal name Argelander, F.W.A.
9 (RLIN) 1081
245 #0 - TITLE STATEMENT
Title Atlas des Nordlichen gestirten Himmels tur den anfang der jalires 1855
Statement of responsibility, etc. F.W.A. Argelander
260 ## - PUBLICATION, DISTRIBUTION, ETC.
Place of publication, distribution, etc. Bonn
Name of publisher, distributor, etc. Bei Adolph Marcus
Date of publication, distribution, etc. 1863
650 ## - SUBJECT ADDED ENTRY--TOPICAL TERM
Topical term or geographic name entry element Atlas
942 ## - ADDED ENTRY ELEMENTS (KOHA)
Koha item type Books
Source of classification or shelving scheme Dewey Decimal Classification
Holdings
Withdrawn status Lost status Source of classification or shelving scheme Damaged status Not for loan Home library Current library Shelving location Date acquired Total Checkouts Full call number Barcode Date last seen Price effective from Koha item type Purchase Price
    Dewey Decimal Classification     IIA Library-Bangalore IIA Library-Kodaikanal General Stacks     (084.3)52/ ARG 485 05/11/2021   Books  

Powered by Koha